<?xml version="1.0" encoding="UTF-8"?>
<record
    xmlns:xsi="http://www.w3.org/2001/XMLSchema-instance"
    xsi:schemaLocation="http://www.loc.gov/MARC21/slim http://www.loc.gov/standards/marcxml/schema/MARC21slim.xsd"
    xmlns="http://www.loc.gov/MARC21/slim">

  <leader>01009    a2200193   4500</leader>
  <controlfield tag="001">121907</controlfield>
  <datafield tag="020" ind1=" " ind2=" ">
    <subfield code="a">9788565850230</subfield>
  </datafield>
  <datafield tag="040" ind1=" " ind2=" ">
    <subfield code="c">Escola Canadense de Niteroi</subfield>
  </datafield>
  <datafield tag="090" ind1=" " ind2=" ">
    <subfield code="a">MAS</subfield>
  </datafield>
  <datafield tag="100" ind1=" " ind2=" ">
    <subfield code="a">Massera, Silvana Beraldo</subfield>
  </datafield>
  <datafield tag="245" ind1="1" ind2="0">
    <subfield code="a">Hist&#xF3;ria de uma linha</subfield>
  </datafield>
  <datafield tag="250" ind1=" " ind2=" ">
    <subfield code="a">1.ed.</subfield>
  </datafield>
  <datafield tag="260" ind1=" " ind2=" ">
    <subfield code="a">S&#xE3;o Paulo</subfield>
  </datafield>
  <datafield tag="300" ind1=" " ind2=" ">
    <subfield code="b">il.</subfield>
    <subfield code="c">6 x 27.2 x 0.6 cm</subfield>
  </datafield>
  <datafield tag="362" ind1="0" ind2=" ">
    <subfield code="a">2015</subfield>
  </datafield>
  <datafield tag="520" ind1=" " ind2=" ">
    <subfield code="a">Hist&#xF3;ria de uma linha apresenta o intervalo de um dia na vida dessa irreverente personagem, a linha. Silvana Beraldo Massera aproveita as caracter&#xED;sticas desse elemento gr&#xE1;fico para explorar o impulso de ir para diferentes lugares, se incorporar a outros objetos, aparecer aqui e ali modificada, e tamb&#xE9;m modificar tudo o que est&#xE1; ao seu redor. Para sustentar graficamente as perip&#xE9;cias da personagem, a autora contou com os desenhos de Silvia Amstalden. O resultado foi uma narrativa em que a linha aparece ao mesmo tempo cont&#xED;nua e modificada a cada virada de p&#xE1;gina. </subfield>
  </datafield>
  <datafield tag="650" ind1=" " ind2="4">
    <subfield code="a">Literatura Infantil</subfield>
  </datafield>
  <datafield tag="942" ind1=" " ind2=" ">
    <subfield code="c">BK</subfield>
  </datafield>
  <datafield tag="952" ind1=" " ind2=" ">
    <subfield code="0">0</subfield>
    <subfield code="1">0</subfield>
    <subfield code="4">0</subfield>
    <subfield code="7">0</subfield>
    <subfield code="a">80.1</subfield>
    <subfield code="b">80.1</subfield>
    <subfield code="d">2024-02-09</subfield>
    <subfield code="l">0</subfield>
    <subfield code="o">MAS</subfield>
    <subfield code="p">A25959</subfield>
    <subfield code="r">2024-02-09 21:17:48</subfield>
    <subfield code="w">2024-02-09</subfield>
    <subfield code="y">BK</subfield>
  </datafield>
  <datafield tag="999" ind1=" " ind2=" ">
    <subfield code="c">121907</subfield>
    <subfield code="d">121907</subfield>
  </datafield>
</record>
